000 00633nam a2200205Ia 4500
003 GCL
008 140319s9999 xx 000 0 ara d
040 _aGCL /
_cGCL
082 0 4 _a341.23
_bك ق
100 1 _aكنوورذى , ليوناردس
245 1 0 _aقصة الامم المتحدة /
_cكنوورذى , ليوناردس
700 1 _aسلامة حماد(مراجع)
700 1 _aمحمد ابراهيم زكى
260 _a[S.N] :
_bمؤسسة سجل العرب ،
_c1964
300 _a278 ص
490 _a
650 0 4 _aالامم المتحدة
650 0 4 _aالمنظمات الدولية
942 _2ddc
_cBK
999 _c35253
_d35253